000 003110000a22001090004500
090 _aAS
_bSeriadas
245 1 0 _aHumedades y la biodiversidad
_scompromisos frente al derecho internacional
041 0 _aEspañol
100 1 _aHernández, Ana María
_92185
942 _cARTICULO
773 1 _tBiosintesis
_h8
_q1-4
_d1998
999 _c15921
_d15921